Theory of algebraic numbers /
Guardado en:
| Autor Principal: | |
|---|---|
| Otros Autores: | |
| Formato: | Libro |
| Idioma: | English |
| Publicado: |
Göttingen :
Translated and distributed by George Striker,
1959.
|
| Etiquetas: |
Agregar Etiqueta
Sin Etiquetas, Sea el primero en etiquetar este registro!
|
| LEADER | 00633nam a22001575a 4500 | ||
|---|---|---|---|
| 001 | MAT.inmabb000857 | ||
| 008 | 031119s1959####gw############001#0#eng#d | ||
| 005 | 20130227115018.0 | ||
| 245 | 1 | 0 | |a Theory of algebraic numbers / |c Emil Artin ; notes by Gerhard Würges from lectures held at the Mathematisches Institut, Göttingen, Germany in the Winter Semester, 1956/7. |
| 260 | |a Göttingen : |b Translated and distributed by George Striker, |c 1959. | ||
| 300 | |a 172 p. ; |c 21 cm. | ||
| 510 | 4 | |a MR, |c 24 #A1884 | |
| 100 | 1 | |a Artin, Emil, |d 1898-1962. | |
| 700 | 1 | |a Würges, Gerhard. |4 xxx | |
| 084 | |a 11Rxx |2 msc2000 | ||
| 859 | |h 11 |i Ar791 |p A-685 |b BIB. MATEMATICA | ||
